Estandarización del proceso de elaboración de lavaplatos crema en la línea de producción de la empresa Irex de Costa Rica S.A. de acuerdo con la certificación del Sistema de Gestión de Calidad ISO 9001:2015
Uloženo v:
| Hlavní autor: | |
|---|---|
| Další autoři: | |
| Médium: | Kniha |
| Jazyk: | Spanish |
| Vydáno: |
San José, Costa Rica
2021
|
| Témata: | |
| Tagy: |
Přidat tag
Žádné tagy, Buďte první, kdo vytvoří štítek k tomuto záznamu!
|
MARC
| LEADER | 00000nam a2200000Ia 4500 | ||
|---|---|---|---|
| 003 | 013341 | ||
| 005 | 20230327103536.0 | ||
| 008 | 140116s2021 cr a 000 ||spa d | ||
| 040 | |c cru CEDI | ||
| 100 | |a Villalobos Arce, Anghie Daniela, 1991- |9 51 | ||
| 245 | |a Estandarización del proceso de elaboración de lavaplatos crema en la línea de producción de la empresa Irex de Costa Rica S.A. de acuerdo con la certificación del Sistema de Gestión de Calidad ISO 9001:2015 | ||
| 260 | |a San José, Costa Rica |c 2021 | ||
| 500 | |a Práctica dirigida (licenciatura en ingeniería química)--Universidad de Costa Rica. Facultad de Ingeniería. Escuela de Ingeniería Química | ||
| 501 | |a Director de Práctica Dirigida de Graduación: Dr. René Mora Casal | ||
| 610 | |x Irex de Costa Rica | ||
| 650 | |x JABONES - QUIMICA |x CONTROL DE PROCESOS - ADMINISTRACION |x JABONES - PRODUCCION - CONTROL DE CALIDAD | ||
| 700 | |9 30 |a Mora Casal, René Alejandro, 1968- |d Director del TFG | ||
| 942 | |c CEDI |h TFG 8492 |6 TFG_8492_000000000000000 | ||
| 999 | |c 21843 |d 21843 | ||
